| 000 | 00353nam a2200109Ia 4500 | ||
|---|---|---|---|
| 008 | 160909s9999 xx 000 0 und d | ||
| 100 | _aRoberson, Rosslyn, | ||
| 245 | _aDevelopment of a seasonal cookbook | ||
| 260 |
_bCalifornia State University, Long Beach. _c2016 |
||
| 650 | _aFOOD | ||
| 856 | _uhttp://pqdtopen.proquest.com/doc/1803938827.html?FMT=ABS | ||
| 999 |
_c303999 _d303999 |
||